| 000 | 00851nam a22002057a 4500 | ||
|---|---|---|---|
| 999 |
_c19730 _d19730 |
||
| 003 | AR-CdUCM | ||
| 008 | 190222b ||||| |||| 00| 0 spa d | ||
| 040 |
_aMUNICIPALIDAD PROVINCIAL DEL CUSCO _cBIBLIOTECA MUNICIPAL DEL CUSCO |
||
| 082 |
_a270.092 / _bH77 |
||
| 100 |
_aHostnig, Rainer _91118 |
||
| 245 |
_aEl Curato de San Juan Ostuncalco : _bVisitas pastorales 1684 a 1930 / |
||
| 260 |
_aGuatemala : _bCentro de Capacitación e Investigación Campesina, _c1993. |
||
| 300 |
_a480 paginas ; _c24 cm. |
||
| 505 | _aContenido: t.1 -- Actas de las visitas pastorales y documentos afines -- Acta de la visita pastoral del obispo Fr. Andrés delas Navas y Quevedo año 1684... | ||
| 650 |
_aVisitas Pastorales _91120 |
||
| 650 |
_aMemoria colectiva _91121 |
||
| 650 |
_aDocumentos Históricos _91122 |
||
| 942 |
_2ddc _cLIBROS |
||
| 945 | _arc | ||